| 000 | 00558nam a2200217Ia 4500 | ||
|---|---|---|---|
| 003 | 0100 | ||
| 008 | 130303s9999 xx 000 0 und d | ||
| 020 | _a0878405976 | ||
| 040 | _cARRUPELIB | ||
| 050 | _aBJ1474.P65 1994 POP | ||
| 100 | _aPope Stephen J. | ||
| 245 | 4 | _aThe evolution of altruism and the ordering of love | |
| 260 | _aWashington, D.C. | ||
| 260 | _bGeorgetown University Press | ||
| 260 | _C1994 | ||
| 300 | _axv | ||
| 300 | _b 160p. 23cm | ||
| 650 | _bHessing, Siegfried | ||
| 650 | _cSpinoza, Benedictus de | ||
| 942 |
_2lcc _02 |
||
| 999 |
_c63236 _d63236 |
||